<?xml version="1.0" encoding="UTF-8"?>
<collection xmlns="http://www.loc.gov/MARC21/slim">
 <record>
  <leader>01538nam a2200205Ia 4500</leader>
  <controlfield tag="001">CTU_232996</controlfield>
  <controlfield tag="008">210402s9999    xx            000 0 und d</controlfield>
  <datafield tag="082" ind1=" " ind2=" ">
   <subfield code="a">005.74</subfield>
  </datafield>
  <datafield tag="082" ind1=" " ind2=" ">
   <subfield code="b">H945</subfield>
  </datafield>
  <datafield tag="100" ind1=" " ind2=" ">
   <subfield code="a">Hunter, David</subfield>
  </datafield>
  <datafield tag="245" ind1=" " ind2="0">
   <subfield code="a">Initiation à XML :</subfield>
  </datafield>
  <datafield tag="245" ind1=" " ind2="0">
   <subfield code="b">Avec trois études de cas détaillées</subfield>
  </datafield>
  <datafield tag="245" ind1=" " ind2="0">
   <subfield code="c">David Hunter</subfield>
  </datafield>
  <datafield tag="260" ind1=" " ind2=" ">
   <subfield code="a">Paris</subfield>
  </datafield>
  <datafield tag="260" ind1=" " ind2=" ">
   <subfield code="b">Eyrolles</subfield>
  </datafield>
  <datafield tag="260" ind1=" " ind2=" ">
   <subfield code="c">2001</subfield>
  </datafield>
  <datafield tag="520" ind1=" " ind2=" ">
   <subfield code="a">Ce volumineux ouvrage a l'ambition, atteinte, de vous apprendre tout ce que vous devez savoir sur le langage XML. Élément de plus en plus incontournable des sites dynamiques et des systèmes de bases de données, le XML s'impose naturellement sur Internet. Un mode d'emploi conjugué à une base de référence sont les deux atouts maîtres de ce livre, qui est de ceux qui vous rendront la vie plus belle au quotidien. Initiation à XML fait reposer l'apprentissage des commandes du XML sur des études de cas concrets comme une boutique électronique, une application de newsgroups (gestion de groupes de discussion), et une application de commerce inter-entreprises (B2B). Le public principal de ce livre sont les programmeurs novices en XML et souhaitant s'y initier ou les habitués des bases de données, venant d'horizons tels que JSP, ASP ou PHP, souhaitant connaître les possibilités de ce formidable langage de script.</subfield>
  </datafield>
  <datafield tag="650" ind1=" " ind2=" ">
   <subfield code="a">XML (Ngôn ngữ đánh dấu tài liệu),XML (Document markup language)</subfield>
  </datafield>
  <datafield tag="910" ind1=" " ind2=" ">
   <subfield code="b">dqhieu</subfield>
  </datafield>
  <datafield tag="980" ind1=" " ind2=" ">
   <subfield code="a">Trung tâm Học liệu Trường Đại học Cần Thơ</subfield>
  </datafield>
 </record>
</collection>
